[Event "British Columbia-ch U20"]
[Site "Burnaby CAN"]
[Date "2025.09.28"]
[Round "5.3"]
[White "Liu, Zachary"]
[Black "Hsu, Ryder"]
[Result "1-0"]
[WhiteElo "2241"]
[BlackElo "1912"]
[WhiteFideId "-1"]
[WhiteFideId "-1"]
[PlyCount "95"]
[GameId "2231183133543799"]
[EventDate "2025.09.27"]
[EventType "swiss"]
[EventRounds "5"]
[EventCountry "CAN"]

1. Nf3 Nf6 2. c4 e6 3. g3 b6 4. Bg2 Bb7 5. O-O Be7 6. Nc3 c5 7. Re1 d5 8. cxd5 Nxd5 9. d3 O-O 10. Bd2 Nd7 11. Nxd5 Bxd5 12. e4 Bb7 13. Bc3 Bf6 14. Qc2 Rc8 15. Rad1 Qc7 16. Nd2 Bxc3 17. bxc3 Rfd8 18. Nf1 Ba6 19. f4 e5 20. Ne3 Nf6 21. f5 b5 22. g4 h6 23. h4 Bb7 24. Bf3 Qe7 25. Qg2 Nh7 26. Qf2 g5 27. fxg6 fxg6 28. Nd5 Qf7 29. Qg3 Nf6 30. c4 bxc4 31. dxc4 Ba6 32. Rc1 Rf8 33. Bg2 Nxd5 34. cxd5 Qf4 35. Kh2 Bd3 36. Qxf4 Rxf4 37. Re3 Ba6 38. Kg3 Bb5 39. g5 Bd7 40. Bf3 h5 41. Ra3 Bg4 42. Bg2 Rc7 43. Ra6 Be2 44. Rxg6+ Kh7 45. Rc6 Rxc6 46. dxc6 c4 47. c7 Rf8 48. Bh3 1-0

[Event "British Columbia-ch U20"]
[Site "Burnaby CAN"]
[Date "2025.09.28"]
[Round "5.4"]
[White "Arya, Aadit"]
[Black "Zhu, Daniel"]
[Result "1-0"]
[WhiteElo "2050"]
[BlackElo "1906"]
[WhiteFideId "-1"]
[WhiteFideId "-1"]
[PlyCount "153"]
[GameId "2231183133551992"]
[EventDate "2025.09.27"]
[EventType "swiss"]
[EventRounds "5"]
[EventCountry "CAN"]

1. e4 c5 2. Nf3 d6 3. d4 Nf6 4. Nc3 cxd4 5. Nxd4 Nc6 6. Bc4 e6 7. Be3 a6 8. Bb3 Qc7 9. Qe2 Na5 10. O-O-O b5 11. Kb1 b4 12. Na4 Nxe4 13. Nxe6 Bxe6 14. Bb6 Qc6 15. Bxa5 Rb8 16. Rhe1 d5 17. f3 Nf6 18. Qe5 Bd6 19. Bxd5 Nxd5 20. Qxd5 Qxd5 21. Rxd5 Be7 22. Rde5 Rb5 23. Bb6 Rxe5 24. Rxe5 O-O 25. Bc5 Rd8 26. Re1 Bxc5 27. Nxc5 Rd6 28. Kc1 Kf8 29. Nxe6+ fxe6 30. Re4 a5 31. Re5 Ra6 32. Kd2 Rd6+ 33. Ke2 Rc6 34. Kd3 Rd6+ 35. Ke2 Rc6 36. Kd1 Rd6+ 37. Kc1 Ra6 38. f4 Kf7 39. Kd2 Rd6+ 40. Ke2 Rc6 41. Kd3 Rd6+ 42. Ke2 Rc6 43. Kd1 Rd6+ 44. Kc1 Ra6 45. Rb5 Kf6 46. h4 Ra7 47. c4 bxc3 48. bxc3 Rc7 49. Kc2 Rc4 50. g3 Ra4 51. Kb3 Re4 52. Rxa5 Re3 53. g4 Rg3 54. g5+ Kg6 55. Re5 Kf7 56. a4 Rg4 57. a5 Rxf4 58. a6 Ke7 59. Rb5 Rf8 60. Rb7+ Kd6 61. a7 Ra8 62. Rxg7 e5 63. Rxh7 Ke6 64. Kc4 Kf5 65. Kd3 Kg6 66. Re7 Rd8+ 67. Ke4 Kh5 68. Rb7 Ra8 69. c4 Kxh4 70. g6 Kh5 71. g7 Kh6 72. g8=Q Rxg8 73. Rb8 Rg4+ 74. Kxe5 Rxc4 75. a8=Q Rc2 76. Rh8+ Kg5 77. Qg8# 1-0

[Event "CAN-ch"]
[Site "Toronto CAN"]
[Date "2025.04.17"]
[Round "1.1"]
[White "Rodrigue-Lemieux, Shawn"]
[Black "Wu, Nathan"]
[Result "1-0"]
[WhiteElo "2505"]
[BlackElo "2083"]
[WhiteFideId "-1"]
[WhiteFideId "-1"]
[PlyCount "79"]
[GameId "2170886163412300"]
[EventDate "2025.04.17"]
[EventType "swiss"]
[EventRounds "9"]
[EventCountry "CAN"]

1. e4 d5 2. exd5 Qxd5 3. Nc3 Qa5 4. d4 Nf6 5. Nf3 Bf5 6. Ne5 c6 7. Bc4 e6 8. g4 Bg6 9. h4 Nbd7 10. Nxd7 Nxd7 11. h5 Be4 12. O-O Bd5 13. Nxd5 cxd5 14. Bd3 Bd6 15. a4 g6 16. h6 Qd8 17. Kg2 O-O 18. f4 Rc8 19. c3 Nb6 20. Qf3 Bb8 21. Bd2 Nc4 22. Bxc4 Rxc4 23. Kh3 Qd6 24. Be1 a5 25. Bh4 f6 26. Qe2 Kf7 27. Rae1 Rxa4 28. f5 exf5 29. gxf5 g5 30. Rf2 Kg8 31. Qh5 Rc4 32. Re6 Qd8 33. Rfe2 Rc6 34. Re8 Qd7 35. R2e7 Qxf5+ 36. Kg2 Qc2+ 37. Bf2 Qg6 38. Qxg6+ hxg6 39. h7+ Kh8 40. Rxf8# 1-0

[Event "CAN-ch"]
[Site "Toronto CAN"]
[Date "2025.04.17"]
[Round "1.3"]
[White "Noritsyn, Nikolay"]
[Black "Barron, Michael"]
[Result "1-0"]
[WhiteElo "2450"]
[BlackElo "2062"]
[WhiteFideId "-1"]
[WhiteFideId "-1"]
[PlyCount "99"]
[GameId "2170886163424590"]
[EventDate "2025.04.17"]
[EventType "swiss"]
[EventRounds "9"]
[EventCountry "CAN"]

1. c4 f5 2. Nc3 Nf6 3. d4 d6 4. e3 g6 5. Bd3 Bg7 6. Nge2 e5 7. f3 O-O 8. O-O Nc6 9. a3 a5 10. Rb1 Nh5 11. Bc2 Qh4 12. Nb5 Qe7 13. Nec3 Nf6 14. Bd2 Nd8 15. Na4 Be6 16. Bb3 c6 17. Nbc3 Nd7 18. Be1 Bf7 19. Bf2 Ne6 20. Ne2 Nc7 21. Rc1 d5 22. cxd5 Nxd5 23. Re1 Rae8 24. Qd2 Bh6 25. Nac3 N7f6 26. Nxd5 Nxd5 27. Bxd5 Bxd5 28. Qxa5 Qg5 29. Kh1 exd4 30. Nxd4 Bg7 31. Qb4 Rf7 32. Ne2 Be5 33. Nf4 Bxf4 34. exf4 Qd8 35. Rxe8+ Qxe8 36. Re1 Qf8 37. Bc5 Qd8 38. Be7 Qd7 39. h3 h6 40. a4 Be6 41. Bc5 Qd5 42. Re5 Qc4 43. Qe1 Bd7 44. Bb4 Rf6 45. Qd2 Rf7 46. Qd6 Rg7 47. Bc3 g5 48. Re1 Qxf4 49. Qxf4 gxf4 50. Bxg7 1-0

[Event "CAN-ch"]
[Site "Toronto CAN"]
[Date "2025.04.17"]
[Round "1.4"]
[White "Joseph, Jonath"]
[Black "Sambuev, Bator"]
[Result "0-1"]
[WhiteElo "2035"]
[BlackElo "2429"]
[WhiteFideId "-1"]
[WhiteFideId "-1"]
[PlyCount "108"]
[GameId "2170886163424591"]
[EventDate "2025.04.17"]
[EventType "swiss"]
[EventRounds "9"]
[EventCountry "CAN"]

1. Nf3 d5 2. e3 c5 3. b3 a6 4. Bb2 Nc6 5. d4 Nf6 6. Be2 cxd4 7. Nxd4 Qa5+ 8. Qd2 Qc7 9. Nxc6 bxc6 10. Bf3 e5 11. c4 dxc4 12. bxc4 Be6 13. Qc2 Bb4+ 14. Bc3 Bxc3+ 15. Qxc3 e4 16. Be2 O-O 17. O-O Bg4 18. Qc2 Bxe2 19. Qxe2 Qe5 20. Nd2 Rfd8 21. Nb3 Rd3 22. Rad1 Qd6 23. Nc1 Rxd1 24. Rxd1 Qb4 25. Qd2 Qxd2 26. Rxd2 Rb8 27. h3 h5 28. Nb3 Rb4 29. Na5 c5 30. Rc2 Nd7 31. Nb3 Kf8 32. f3 exf3 33. gxf3 Ke7 34. Kf2 Kd6 35. f4 Nb6 36. Nd2 Ra4 37. Ke2 Kc6 38. Kd3 Nc8 39. Nb3 Nd6 40. e4 g6 41. h4 Ra3 42. e5 Nf5 43. Kc3 Nxh4 44. Rd2 Nf5 45. Rd5 Rxa2 46. Rxc5+ Kb6 47. Rd5 h4 48. c5+ Kc6 49. Rd3 Ra4 50. Rd8 Rxf4 51. Rc8+ Kd5 52. Rd8+ Kxe5 53. c6 Nd6 54. Nd4 Rxd4 0-1

[Event "CAN-ch"]
[Site "Toronto CAN"]
[Date "2025.04.17"]
[Round "1.5"]
[White "Atanasov, Anthony"]
[Black "Darvekar, Yash"]
[Result "1-0"]
[WhiteElo "2413"]
[BlackElo "2025"]
[WhiteFideId "-1"]
[WhiteFideId "-1"]
[PlyCount "159"]
[GameId "2170886163428688"]
[EventDate "2025.04.17"]
[EventType "swiss"]
[EventRounds "9"]
[EventCountry "CAN"]

1. e4 c5 2. Nf3 d6 3. d4 cxd4 4. Nxd4 Nf6 5. Nc3 a6 6. Be3 e5 7. Nf3 Be7 8. Bc4 O-O 9. O-O Be6 10. Bb3 Nc6 11. Bg5 Ne8 12. Bxe7 Qxe7 13. Nd5 Bxd5 14. Bxd5 Nf6 15. c3 Qc7 16. Re1 Rad8 17. Bb3 Na5 18. Qe2 b5 19. Nh4 Nc4 20. Rad1 d5 21. exd5 Nxd5 22. g3 Rfe8 23. Bxc4 bxc4 24. Qe4 Nb6 25. Rxd8 Qxd8 26. Nf3 f6 27. Qb7 a5 28. Qc6 Kf7 29. Qb5 a4 30. Qc5 Re6 31. Kg2 Qd5 32. Qc7+ Qd7 33. Qc5 Qd5 34. Qc7+ Qd7 35. Qb8 Qc8 36. Qa7+ Qd7 37. Qa6 Qc8 38. Qa5 Qa8 39. Qxa8 Nxa8 40. Rd1 Ke7 41. Rd5 Rd6 42. Rb5 Nb6 43. Kf1 Kd7 44. Ke1 Kc6 45. Rb4 Rd5 46. Nd2 Rb5 47. Ne4 Rxb4 48. cxb4 Nd5 49. a3 f5 50. Nc3 Nb6 51. Ke2 g5 52. Nd1 Kd5 53. Ne3+ Ke6 54. f3 h5 55. Nd1 f4 56. Kf2 Kf5 57. Nc3 fxg3+ 58. hxg3 g4 59. fxg4+ Kxg4 60. Ne4 Kf5 61. Kf3 Ke6 62. Nc3 Kf5 63. Ke3 Kg4 64. Kf2 Kf5 65. Kf3 Kg5 66. Ke4 Kg4 67. Ne2 c3 68. bxc3 Nc4 69. Kd5 Nxa3 70. c4 Kf3 71. Nc3 Kxg3 72. b5 Nxb5 73. cxb5 h4 74. b6 h3 75. Ne4+ Kf4 76. b7 h2 77. b8=Q h1=Q 78. Qf8+ Kg4 79. Qg7+ Kf4 80. Qg3+ 1-0

[Event "CAN-ch"]
[Site "Toronto CAN"]
[Date "2025.04.17"]
[Round "1.7"]
[White "Teodoro, Eduardo"]
[Black "Hoekman, Samuel"]
[Result "1-0"]
[WhiteElo "2350"]
[BlackElo "1994"]
[WhiteFideId "-1"]
[WhiteFideId "-1"]
[PlyCount "105"]
[GameId "2170886164632914"]
[EventDate "2025.04.17"]
[EventType "swiss"]
[EventRounds "9"]
[EventCountry "CAN"]

1. e4 e6 2. d4 d5 3. exd5 exd5 4. Bd3 c5 5. dxc5 Bxc5 6. Ne2 Nf6 7. O-O Nc6 8. Bg5 h6 9. Bh4 O-O 10. Nbc3 Be6 11. Kh1 g5 12. Bg3 Re8 13. a3 a6 14. b4 Bb6 15. Na4 Ba7 16. c3 Ne4 17. f3 Nxg3+ 18. Nxg3 Ne5 19. Nb2 Rc8 20. Rc1 b5 21. Bb1 Qf6 22. Nh5 Qh8 23. a4 Nc4 24. Nxc4 Rxc4 25. f4 Be3 26. f5 Bc8 27. Rc2 Qe5 28. Qxd5 Qxd5 29. Nf6+ Kg7 30. Nxd5 Bxf5 31. Rxf5 Bf4 32. g3 Re1+ 33. Kg2 Rxb1 34. gxf4 bxa4 35. fxg5 a3 36. gxh6+ Kxh6 37. Ne3 Rb2 38. Rff2 a2 39. Rxb2 a1=Q 40. Nxc4 Qc1 41. Rf6+ Kg7 42. Rbf2 Qg5+ 43. Kf1 Qc1+ 44. Ke2 Qxc3 45. Rxf7+ Kg8 46. Rf8+ Kg7 47. R2f7+ Kg6 48. Rf6+ Kg7 49. Nd6 Qb2+ 50. Kf3 Qb3+ 51. Kg4 Qxb4+ 52. Kh5 Qc5+ 53. Nf5+ 1-0

[Event "CAN-ch"]
[Site "Toronto CAN"]
[Date "2025.04.17"]
[Round "1.8"]
[White "Mutyalapati, Modith Aaroh"]
[Black "Yang, Ryan"]
[Result "1/2-1/2"]
[WhiteElo "1985"]
[BlackElo "2350"]
[WhiteFideId "-1"]
[WhiteFideId "-1"]
[PlyCount "91"]
[GameId "2172435961302182"]
[EventDate "2025.04.17"]
[EventType "swiss"]
[EventRounds "9"]
[EventCountry "CAN"]

1. e4 c5 2. Nf3 e6 3. d4 cxd4 4. Nxd4 Nc6 5. Nc3 Qc7 6. Qd3 a6 7. Nxc6 Qxc6 8. Be2 Bb4 9. Bd2 Ne7 10. Qd4 Bxc3 11. Bxc3 f6 12. Bb4 a5 13. Ba3 b5 14. Bh5+ Kd8 15. Bc5 Ra6 16. Rd1 Bb7 17. O-O Nf5 18. Qc3 b4 19. Qd3 Kc8 20. Be2 Rd8 21. Qb5 Nh4 22. f3 Ng6 23. Be3 d5 24. exd5 Qxb5 25. Bxb5 Rad6 26. c3 bxc3 27. bxc3 Rxd5 28. Rxd5 Rxd5 29. c4 Rd3 30. Bb6 Rd2 31. c5 Ne5 32. a3 Bc6 33. Bxa5 Bxb5 34. Bxd2 Bxf1 35. Kxf1 Kd7 36. Ke2 Kc6 37. Bb4 Kd5 38. Ke3 h5 39. g3 g5 40. h3 Nc4+ 41. Ke2 Ne5 42. Ke3 Nd7 43. a4 f5 44. a5 Nb8 45. Ba3 e5 46. Bb2 1/2-1/2

[Event "CAN-ch"]
[Site "Toronto CAN"]
[Date "2025.04.17"]
[Round "1.9"]
[White "Plotkin, Mark"]
[Black "Trofimov-Malyshkin, Valentyn"]
[Result "1-0"]
[WhiteElo "2349"]
[BlackElo "1982"]
[WhiteFideId "-1"]
[WhiteFideId "-1"]
[PlyCount "99"]
[GameId "2172435961302183"]
[EventDate "2025.04.17"]
[EventType "swiss"]
[EventRounds "9"]
[EventCountry "CAN"]

1. c4 e6 2. Nf3 Nf6 3. g3 d5 4. d4 c6 5. Bg2 dxc4 6. O-O Nbd7 7. Nc3 b5 8. e4 Bb7 9. a4 a6 10. e5 Nd5 11. Ne4 h6 12. b3 cxb3 13. Qxb3 Be7 14. Ne1 Qb6 15. Ba3 Qxd4 16. Bxe7 Kxe7 17. Nd3 Rhb8 18. Rfd1 Kf8 19. Qa3+ b4 20. Nxb4 Qxb4 21. Qxb4+ Nxb4 22. Rxd7 Bc8 23. Rd8+ Ke7 24. Rg8 g6 25. Rh8 Bb7 26. Rxh6 Nd3 27. Nd6 Ra7 28. f4 Ba8 29. Nxf7 Rab7 30. Nd6 Rb1+ 31. Rxb1 Rxb1+ 32. Bf1 Ne1 33. Rh7+ Kf8 34. Kf2 Nf3 35. Kxf3 Rxf1+ 36. Ke2 Ra1 37. Rh8+ Kg7 38. Rxa8 Rxa4 39. Ra7+ Kg8 40. Kf3 Ra2 41. h4 a5 42. Kg4 a4 43. Kg5 Rg2 44. g4 Rg3 45. Rxa4 Rg1 46. Ra7 c5 47. Nf7 c4 48. Kf6 c3 49. Ra8+ Kh7 50. Rh8# 1-0

[Event "CAN-ch"]
[Site "Toronto CAN"]
[Date "2025.04.17"]
[Round "1.10"]
[White "Bao, Tony"]
[Black "Mendes, Aaron Reeve"]
[Result "1/2-1/2"]
[WhiteElo "1979"]
[BlackElo "2335"]
[WhiteFideId "-1"]
[WhiteFideId "-1"]
[PlyCount "110"]
[GameId "2172435961302163"]
[EventDate "2025.04.17"]
[EventType "swiss"]
[EventRounds "9"]
[EventCountry "CAN"]

1. e4 c5 2. Nf3 d6 3. d4 cxd4 4. Nxd4 Nf6 5. Nc3 a6 6. Bg5 e6 7. f4 Be7 8. Qf3 Qc7 9. O-O-O Nbd7 10. g4 h6 11. Bxf6 Bxf6 12. h4 Nb6 13. Be2 Bd7 14. g5 Be7 15. g6 fxg6 16. Qg4 O-O-O 17. Nxe6 Bxe6 18. Qxe6+ Kb8 19. Qxg6 d5 20. Qxg7 Qxf4+ 21. Kb1 Bf6 22. Qg1 d4 23. Nd5 Nxd5 24. exd5 Rxd5 25. Qh2 Qd6 26. Qxd6+ Rxd6 27. h5 Re8 28. Bd3 Re5 29. a3 Ka7 30. Rde1 Re3 31. Ref1 Re5 32. Rf5 Rxf5 33. Bxf5 Rd5 34. Rf1 Rd6 35. Ka2 b5 36. Re1 Rd5 37. Bg6 Re5 38. Rxe5 Bxe5 39. a4 bxa4 40. Be8 Kb6 41. Bxa4 Kc5 42. Be8 Kb4 43. Bg6 a5 44. Bd3 a4 45. Bg6 Bf4 46. Bd3 Bc1 47. Bg6 a3 48. bxa3+ Bxa3 49. Bh7 Bc1 50. Kb1 Bg5 51. Bg6 Kc3 52. Bh7 Be3 53. Bg6 Bg5 54. Bh7 Be3 55. Bg6 Bg5 1/2-1/2

[Event "CAN-ch"]
[Site "Toronto CAN"]
[Date "2025.04.17"]
[Round "1.12"]
[White "Malakhovets, Sergey"]
[Black "Jaferian, Koosha"]
[Result "0-1"]
[WhiteElo "1969"]
[BlackElo "2293"]
[WhiteFideId "-1"]
[WhiteFideId "-1"]
[PlyCount "64"]
[GameId "2172435961302165"]
[EventDate "2025.04.17"]
[EventType "swiss"]
[EventRounds "9"]
[EventCountry "CAN"]

1. d4 Nf6 2. Nf3 d5 3. Bf4 c5 4. e3 Nc6 5. Nbd2 Nh5 6. dxc5 Nxf4 7. exf4 Qa5 8. c3 Qxc5 9. Bd3 g6 10. h4 Bg7 11. h5 Bg4 12. Rh4 gxh5 13. Qc2 Bf6 14. Rh2 h6 15. Kf1 O-O-O 16. Rc1 Kb8 17. b4 Qd6 18. g3 Rc8 19. a3 Rhd8 20. Bf5 Nxb4 21. Qb3 Bxf5 22. axb4 Bg4 23. Kg2 Rd7 24. Rhh1 Rdc7 25. Qa4 Bxc3 26. Rb1 d4 27. Kh2 Qd5 28. Ne5 Bxd2 29. Ra1 a6 30. Rhb1 Be2 31. Qa2 Qxa2 32. Rxa2 Rc2 0-1

[Event "CAN-ch"]
[Site "Toronto CAN"]
[Date "2025.04.17"]
[Round "1.13"]
[White "Song, Ethan"]
[Black "Xu, Leon"]
[Result "1-0"]
[WhiteElo "2291"]
[BlackElo "1969"]
[WhiteFideId "-1"]
[WhiteFideId "-1"]
[PlyCount "99"]
[GameId "2172435961302166"]
[EventDate "2025.04.17"]
[EventType "swiss"]
[EventRounds "9"]
[EventCountry "CAN"]

1. e4 e6 2. d4 d5 3. Nd2 Be7 4. Ngf3 Nf6 5. Bd3 c5 6. exd5 exd5 7. dxc5 Bxc5 8. O-O O-O 9. Nb3 Be7 10. Nbd4 Nc6 11. h3 Re8 12. Bf4 Bd6 13. Bxd6 Qxd6 14. c3 a6 15. Qc2 Bd7 16. Rad1 h6 17. Qb3 Qf4 18. Ne2 Qc7 19. Rfe1 Ne5 20. Nxe5 Qxe5 21. Qb6 Re6 22. Qb4 b5 23. Rf1 Nh5 24. Qg4 Rae8 25. Nd4 Rd6 26. Bf5 Nf6 27. Qf3 g6 28. Bxd7 Rxd7 29. Rd3 Qd6 30. Nc2 Kg7 31. Rfd1 a5 32. Ne3 Re5 33. Rd4 Qe6 34. Qe2 Qb6 35. a3 Qc5 36. Qf3 Qc6 37. Rf4 Qe6 38. Nc2 Re4 39. Rd4 Re2 40. Rxf6 Qe7 41. Rxf7+ Qxf7 42. Qxe2 Re7 43. Qxb5 Qf5 44. Qd3 Qg5 45. Ne3 Rf7 46. Rxd5 Qe7 47. Qd4+ Kh7 48. Rd8 g5 49. Qh8+ Kg6 50. Rg8+ 1-0

[Event "CAN-ch"]
[Site "Toronto CAN"]
[Date "2025.04.17"]
[Round "1.14"]
[White "Li, Adam"]
[Black "Cummings, David"]
[Result "0-1"]
[WhiteElo "1960"]
[BlackElo "2257"]
[WhiteFideId "-1"]
[WhiteFideId "-1"]
[PlyCount "106"]
[GameId "2172435961302167"]
[EventDate "2025.04.17"]
[EventType "swiss"]
[EventRounds "9"]
[EventCountry "CAN"]

1. e4 e5 2. Nf3 Nf6 3. Nxe5 d6 4. Nf3 Nxe4 5. Qe2 Qe7 6. d3 Nf6 7. Nc3 Qxe2+ 8. Bxe2 g6 9. Bd2 Bg7 10. O-O-O O-O 11. h3 Bd7 12. Kb1 b5 13. Nh2 b4 14. Ne4 Nxe4 15. dxe4 Nc6 16. Bg4 Be6 17. f4 Rab8 18. f5 Bc4 19. Bf3 Nd4 20. Ng4 Nxf3 21. gxf3 h5 22. Nh2 a5 23. Be3 Rfe8 24. Rhg1 Kh7 25. Rg2 Bf6 26. fxg6+ fxg6 27. Bd4 Bxd4 28. Rxd4 Be6 29. h4 Rf8 30. b3 Rb5 31. Kb2 Rf4 32. Rg5 Re5 33. Rxe5 dxe5 34. Rd8 Rxh4 35. Re8 Bf7 36. Re7 Rxh2 37. Rxf7+ Kh6 38. Rxc7 Rf2 39. Rc5 h4 40. Rxe5 Rxf3 41. Rxa5 Re3 42. a3 bxa3+ 43. Kxa3 h3 44. c4 Rxe4 45. Rd5 h2 46. Rd1 g5 47. c5 g4 48. c6 Re7 49. Rd6+ Kg5 50. Rd5+ Kh4 51. Rd6 g3 52. Rd7 h1=Q 53. Rxe7 Qxc6 0-1

[Event "CAN-ch"]
[Site "Toronto CAN"]
[Date "2025.04.17"]
[Round "1.15"]
[White "Kaufman, Raymond"]
[Black "Tan, Brendan"]
[Result "1-0"]
[WhiteElo "2216"]
[BlackElo "1960"]
[WhiteFideId "-1"]
[WhiteFideId "-1"]
[PlyCount "75"]
[GameId "2172435961302168"]
[EventDate "2025.04.17"]
[EventType "swiss"]
[EventRounds "9"]
[EventCountry "CAN"]

1. d4 Nf6 2. c4 c6 3. Nf3 d5 4. Qc2 g6 5. Bf4 Bg7 6. e3 O-O 7. h3 c5 8. Nc3 cxd4 9. Nxd4 Qa5 10. Nb3 Qb4 11. a3 Qb6 12. c5 Qd8 13. O-O-O Nc6 14. g4 h6 15. Bg2 e5 16. Bh2 Be6 17. f4 exf4 18. exf4 d4 19. f5 Bxb3 20. Qxb3 Qa5 21. Nb5 a6 22. Nc7 Qxc5+ 23. Kb1 Na5 24. Qb4 Qxb4 25. axb4 Nc4 26. Nxa8 Rxa8 27. Rxd4 Ne4 28. Rxe4 Nd6 29. Kc2 Nxe4 30. Bxe4 Re8 31. Bd3 Rc8+ 32. Kb3 b5 33. fxg6 Rd8 34. gxf7+ Kxf7 35. Rf1+ Ke7 36. Bg6 Bf6 37. Rf4 h5 38. g5 1-0

[Event "CAN-ch"]
[Site "Toronto CAN"]
[Date "2025.04.17"]
[Round "1.17"]
[White "Duong, Thanh Nha"]
[Black "Zhang, Brian"]
[Result "0-1"]
[WhiteElo "2182"]
[BlackElo "1951"]
[WhiteFideId "-1"]
[WhiteFideId "-1"]
[PlyCount "145"]
[GameId "2172435961302170"]
[EventDate "2025.04.17"]
[EventType "swiss"]
[EventRounds "9"]
[EventCountry "CAN"]

1. Nf3 d5 2. b3 Nf6 3. Bb2 Bf5 4. g3 e6 5. Bg2 h6 6. O-O c6 7. d3 Be7 8. Nbd2 a5 9. a3 O-O 10. Qe1 Nbd7 11. e4 Bh7 12. Qe2 Rc8 13. Rac1 Qb6 14. a4 Qa6 15. exd5 cxd5 16. Nd4 Qb6 17. Nb5 Rfe8 18. Nf3 Bf8 19. Ne5 Nxe5 20. Bxe5 Nd7 21. Bd4 Bc5 22. Bb2 Be7 23. d4 Bg5 24. f4 Be7 25. c4 Bf8 26. Qd2 Nf6 27. Bc3 Ra8 28. c5 Qd8 29. Qe2 Be4 30. Bd2 Bxg2 31. Kxg2 Ne4 32. Nc3 f5 33. Be3 Qd7 34. Rc2 Be7 35. Rfc1 Ra6 36. Qb5 Qc6 37. Na2 Rea8 38. Qe2 Qd7 39. h3 Kh7 40. Qb5 Qc6 41. Kf3 Kg8 42. g4 g6 43. Rg2 Kf7 44. Rcg1 Bf6 45. gxf5 gxf5 46. Nc1 R6a7 47. Qf1 Rh8 48. Nd3 Raa8 49. Ne5+ Bxe5 50. fxe5 Rh7 51. Bxh6 Rah8 52. Rg7+ Rxg7 53. Rxg7+ Ke8 54. Qg2 Qa6 55. Be3 Qd3 56. Rg8+ Rxg8 57. Qxg8+ Ke7 58. Qg7+ Ke8 59. Qg2 Qxb3 60. h4 Qd1+ 61. Kf4 Qh5 62. Bf2 Qe2 63. Qf3 Qd2+ 64. Qe3 Qxf2+ 65. Qxf2 Nxf2 66. Kg5 Kf7 67. h5 Ne4+ 68. Kh6 f4 69. c6 bxc6 70. Kh7 f3 71. h6 f2 72. Kh8 Ng5 73. h7 0-1

[Event "CAN-ch"]
[Site "Toronto CAN"]
[Date "2025.04.17"]
[Round "1.18"]
[White "Mok, Yuen Tak"]
[Black "Wang, Harry"]
[Result "0-1"]
[WhiteElo "1948"]
[BlackElo "2181"]
[WhiteFideId "-1"]
[WhiteFideId "-1"]
[PlyCount "78"]
[GameId "2172435961302171"]
[EventDate "2025.04.17"]
[EventType "swiss"]
[EventRounds "9"]
[EventCountry "CAN"]

1. e4 e6 2. d4 d5 3. e5 c5 4. c3 Nc6 5. Nf3 Qb6 6. a3 c4 7. Nbd2 Na5 8. Rb1 Bd7 9. h4 h6 10. Be2 Ne7 11. Nf1 O-O-O 12. Ng3 Kb8 13. Bf4 Ng6 14. Be3 Be7 15. Qc2 Rdg8 16. Bd1 Qd8 17. h5 Nf8 18. Qe2 f5 19. exf6 gxf6 20. Bf4+ Ka8 21. Qe3 Nc6 22. Kf1 Nh7 23. Bxh6 Bd6 24. Bf4 Bxf4 25. Qxf4 Ng5 26. Ba4 e5 27. Qe3 exd4 28. cxd4 Re8 29. Qf4 Ne4 30. Bxc6 Bxc6 31. Nf5 Qb6 32. Qc1 Qb3 33. Qd1 Qa2 34. Qc1 c3 35. Kg1 Nd2 36. Kh2 Rxh5+ 37. N3h4 Qxb1 38. Qxc3 Qxf5 39. g3 Qxf2+ 0-1

[Event "CAN-ch"]
[Site "Toronto CAN"]
[Date "2025.04.17"]
[Round "1.19"]
[White "Gavrilin, Roman"]
[Black "Kola, Venkat Karthikeya R"]
[Result "1/2-1/2"]
[WhiteElo "2170"]
[BlackElo "1940"]
[WhiteFideId "-1"]
[WhiteFideId "-1"]
[PlyCount "76"]
[GameId "2172435961302172"]
[EventDate "2025.04.17"]
[EventType "swiss"]
[EventRounds "9"]
[EventCountry "CAN"]

1. e4 c5 2. Nf3 d6 3. d4 cxd4 4. Nxd4 Nf6 5. Nc3 a6 6. h3 e5 7. Nf3 b5 8. a4 b4 9. Nd5 Be7 10. Nxf6+ Bxf6 11. Bc4 Bb7 12. Bd5 Qc7 13. O-O Bxd5 14. Qxd5 Qc6 15. Rd1 Qxd5 16. Rxd5 Be7 17. Nd2 Nd7 18. Nc4 Nf6 19. Nxd6+ Kd7 20. Nxf7+ Nxd5 21. Nxh8 Nf4 22. Nf7 Ke6 23. Nxe5 Kxe5 24. Bxf4+ Kxf4 25. Re1 g5 26. g3+ Ke5 27. Kg2 Rc8 28. Re2 Rc4 29. f3 Bf6 30. h4 h6 31. hxg5 hxg5 32. Kh3 Ke6 33. Kg4 Rc5 34. b3 Rc8 35. f4 gxf4 36. gxf4 Rf8 37. Kf3 Rh8 38. e5 Be7 1/2-1/2

[Event "CAN-ch"]
[Site "Toronto CAN"]
[Date "2025.04.17"]
[Round "1.20"]
[White "Liu, Sean"]
[Black "Moses, Neil"]
[Result "1/2-1/2"]
[WhiteElo "1937"]
[BlackElo "2148"]
[WhiteFideId "-1"]
[WhiteFideId "-1"]
[PlyCount "94"]
[GameId "2172435961302174"]
[EventDate "2025.04.17"]
[EventType "swiss"]
[EventRounds "9"]
[EventCountry "CAN"]

1. e4 c5 2. Nf3 e6 3. d4 cxd4 4. Nxd4 a6 5. Nc3 Qc7 6. Bd3 Nf6 7. O-O d6 8. Bg5 Be7 9. Qd2 h6 10. Be3 Ng4 11. Rad1 Nxe3 12. Qxe3 Nd7 13. Rfe1 O-O 14. f4 Nc5 15. Kh1 b5 16. f5 b4 17. Nce2 Nxd3 18. Qxd3 e5 19. Nf3 a5 20. c4 Bb7 21. Ng3 g6 22. b3 Kg7 23. Rf1 Rad8 24. Qe3 Bf6 25. h3 Qc5 26. Qe2 a4 27. Ne1 axb3 28. axb3 Bh4 29. Rf3 Ra8 30. Nd3 Qb6 31. c5 dxc5 32. Nxe5 Qc7 33. Ng4 h5 34. Nxh5+ gxh5 35. f6+ Kh7 36. Rf5 Rh8 37. Rxh5+ Kg8 38. Nh6+ Kf8 39. Rxh4 Rd8 40. Rxd8+ Qxd8 41. Qh5 Qxf6 42. Qxc5+ Ke8 43. Qb5+ Bc6 44. Qb8+ Kd7 45. Qa7+ Ke8 46. Qb8+ Kd7 47. Qa7+ Ke8 1/2-1/2

[Event "CAN-ch"]
[Site "Toronto CAN"]
[Date "2025.04.17"]
[Round "1.21"]
[White "Kalinin, Dzmitry"]
[Black "Yang, Larry"]
[Result "0-1"]
[WhiteElo "2119"]
[BlackElo "1937"]
[WhiteFideId "-1"]
[WhiteFideId "-1"]
[PlyCount "82"]
[GameId "2172435961302175"]
[EventDate "2025.04.17"]
[EventType "swiss"]
[EventRounds "9"]
[EventCountry "CAN"]

1. d4 Nf6 2. c4 g6 3. Nc3 d5 4. cxd5 Nxd5 5. e4 Nxc3 6. bxc3 Bg7 7. Rb1 c5 8. Be3 O-O 9. Nf3 Nc6 10. Be2 Qa5 11. O-O Rd8 12. d5 Ne5 13. Nd2 Qxc3 14. Rc1 Qa5 15. Bxc5 e6 16. Nb3 Qa4 17. f4 Qxe4 18. fxe5 Rxd5 19. Bf3 Rxd1 20. Rfxd1 Qh4 21. Rd4 Qg5 22. h4 Qe3+ 23. Kh1 Bd7 24. Rxd7 Qxe5 25. Bxb7 Re8 26. Rf1 Qh5 27. Rfxf7 Qxh4+ 28. Kg1 Be5 29. Nd2 Qh2+ 30. Kf1 Qh1+ 31. Ke2 Qc1 32. Be3 Rd8 33. Rxh7 Rxd7 34. Rxd7 Qb2 35. a4 Qc2 36. Be4 Qxa4 37. Rxa7 Qb5+ 38. Kf3 g5 39. Rb7 Qe8 40. g4 Qf8+ 41. Ke2 Bf4 0-1

[Event "CAN-ch"]
[Site "Toronto CAN"]
[Date "2025.04.17"]
[Round "1.22"]
[White "Malakar, Saarthak"]
[Black "Lin, Leo"]
[Result "0-1"]
[WhiteElo "1930"]
[BlackElo "2119"]
[WhiteFideId "-1"]
[WhiteFideId "-1"]
[PlyCount "86"]
[GameId "2172435961302176"]
[EventDate "2025.04.17"]
[EventType "swiss"]
[EventRounds "9"]
[EventCountry "CAN"]

1. d4 Nf6 2. Nf3 g6 3. Bg5 Bg7 4. Nbd2 d5 5. c3 O-O 6. e3 c5 7. dxc5 Qc7 8. b4 Nc6 9. Be2 Rd8 10. Qb3 Bg4 11. h3 Bxf3 12. Bxf3 a5 13. Rc1 a4 14. Qc2 e5 15. a3 h6 16. Bh4 d4 17. O-O d3 18. Qb1 g5 19. Bg3 Qe7 20. e4 Qe6 21. Rfe1 h5 22. b5 Na5 23. Bd1 Bh6 24. Bxa4 h4 25. Bh2 g4 26. Rcd1 gxh3 27. Nf3 Qg4 28. Nxh4 d2 29. Rf1 Qxh4 30. Bxe5 Qg4 31. Bg3 hxg2 32. Kxg2 Nh5 33. Rh1 Nxg3 34. fxg3 Qe2+ 35. Kh3 Nc4 36. Rh2 Qh5+ 37. Kg2 Ne3+ 38. Kg1 Qf3 39. Rdxd2 Rxd2 40. Rxd2 Qxg3+ 41. Kh1 Qf3+ 42. Kg1 Ng4 43. Qd3 Be3+ 0-1